| 000 | 01217cac a22003011u 4500 | ||
|---|---|---|---|
| 090 | _c7064 | ||
| 008 | 081105t2003 xxu||||| |||| 00| 0 eng d | ||
| 010 | _a2002110085 | ||
| 020 | _a076194110X (pbk.) | ||
| 035 | _a(DLC) 2002110085 | ||
| 082 | 0 | 0 |
_a150.1952092 _bJAC |
| 100 | _aJacobs, Michael, | ||
| 245 | 1 | 0 |
_aSigmund Freud / _cMichael Jacobs. |
| 250 | _a2nd ed. | ||
| 260 |
_aLondon ; _aThousand Oaks, Calif. : _bSAGE Publications, _c2003. |
||
| 300 |
_avii, 168 p. ; _c22 cm. |
||
| 440 | 0 | _aKey figures in counselling and psychotherapy | |
| 500 | _adistributer: Al-Ahram | ||
| 504 | _aIncludes bibliographical references (p. [156]-163) and index. | ||
| 511 | _acatalogued by: wessam | ||
| 600 | 1 | 0 |
_aFreud, Sigmund, _d1856-1939. |
| 650 | 0 |
_aCounseling _xHistory. |
|
| 650 | 0 |
_aPsychotherapy _xHistory. |
|
| 856 | 4 | 2 |
_3Publisher description _uhttp://www.loc.gov/catdir/enhancements/fy0657/2002110085-d.html |
| 856 | 4 | 2 |
_3Table of contents only _uhttp://www.loc.gov/catdir/enhancements/fy0657/2002110085-t.html |
| 942 |
_cBB _k150.1952092JAC _2ddc |
||
| 999 |
_c7064 _d7064 |
||